000 004080000a22001690004500
003 MACL
005 20160108175502.0
008 160108b xxu||||| |||| 00| 0 eng d
040 _aMACL
_cMACL
041 _aEnglish
082 _a920/CHU
100 _aChurch, R W
_930141
245 _aSaint Anselm
260 _bMacmillan & Co Ltd
_c1905
_aLondon
650 _aBiography
_930142
942 _cBK
_k920/CHU
_2ddc
999 _c37456
_d37456